02489nam a2200289Ia 4500003000400000005001700004008003900021020001800060040003400078041000800112082001300120100004000133245004500173264003900218300002500257336002700282337003300309338002800342490002400370500117100394501005701565504002701622520040301649600007002052650003702122650004002159OSt20220606114320.0121119s2002 ck gr 000 0 spa a9788437605609 aCO-BoRNBPbspaerdacCO-MqBPB0 aspa aATbGARb1 aGarcía Lorca, Federicod1898-193610aBodas de sangrecFederico García Lorca aMadrid:bEdiciones Catedra:c2021. a170 páginasc19 cm atextobtxt2rdacontent asin mediaciónbn2rdamedia avolumenbnc2rdacarrier0 aLetras Hispánicas aResumen de BODAS DE SANGRE (8ª ED.) El tema de esta obra surgió a raíz de una noticia aparecida en prensa:dos amantes se fugan en la víspera de la boda de la mujer con otro hombre. García Lorca convierte la realidad en poesía. En su obra hay ansias de libertad, andalucismo, simbolismo y muerte, pero por encima de todo, poesía dramática. Bodas de sangre es, pues, una obra teatral donde las desgarradas pasiones de sus protagonistas se desatan ante la atenta mirada de la luna, personificación hermosa y terrible de la muerte. El tema de esta obra surgió a raíz de una noticia aparecida en prensa:dos amantes se fugan en la víspera de la boda de la mujer con otro hombre. García Lorca convierte la realidad en poesía. En su obra hay ansias de libertad, andalucismo, simbolismo y muerte, pero por encima de todo, poesía dramática. Bodas de sangre es, pues, una obra teatral donde las desgarradas pasiones de sus protagonistas se desatan ante la atenta mirada de la luna, personificación hermosa y terrible de la muerte. «Lorca logra poner en escena, con una maestría admirable, el devenir de la vida andaluza de su época» aA propósito de Federico García Lorca vida y obra aIncluye bibliografía aEl tema principal de Bodas de Sangre es la dicotomía entre el amor y la muerte. Lorca quiere salvar el instinto elemental del convencionalismo social y la tradición, aún sabiendo que el intento está abocado al fracaso, ya que esta fuerza instintiva que tiende a la unión natural/irracional/básica, contiene en sí misma los principios de destrucción: el despecho, la agresividad, etc14aGarcía Lorca, Federico d1898-1936xCritica e interpretación 14aTeatro españolySiglo XX2LEMB14aTragedia españolaySiglo XX2LEMB